Statistics for Capital Cities that Start with P

Click here to take the quiz!

General Stats

  • This quiz has been taken 144 times
    (123 since last reset)
  • The average score is 13 of 17

Answer Stats

Capital Cities% Correct
Paris
95%
Panama
86%
Port-au-prince
84%
Port Moresby
81%
Port of Spain
81%
Pristina
79%
Paramaribo
78%
Phnom Penh
78%
Pretoria
78%
Port Louis
74%
Pyongyang
74%
Podgorica
71%
Port Vila
71%
Prague
71%
Porto Novo
69%
Praia
67%
Palikir
62%

Score Distribution

Percentile by Number Answered

Percent of People with Each Score

Your Score History

You have not taken this quiz since the last reset